| 000 | 01198cam a22003497a 4500 | ||
|---|---|---|---|
| 003 | CHAP | ||
| 005 | 20220329142421.0 | ||
| 008 | 010109d2000 mx b r 00110 spa d | ||
| 010 | _a83155 | ||
| 011 | _a84127 | ||
| 035 | _a94646 | ||
| 040 | _cCHAP | ||
| 090 | _aTesis | ||
| 100 | 0 | 0 |
_aRamírez Guzmán, Nelson. _994046 |
| 245 | 1 | 0 |
_aDeterminación de agrohabitats para el cultivo de la papa en Tlalmanalco, Estado de México _c/por Nelson Ramírez Guzmán. |
| 260 |
_aChapingo, Méx. : _bEl autor, _c2000. |
||
| 300 |
_a64h. : _bmapas; cuads. |
||
| 502 | _aTesis (Ing. en Agroecología) -- UACH. Departamento de Agroecología. | ||
| 590 |
_aALEPH _b10 _c20130110 _lUCH01 _h1440 |
||
| 590 |
_aBATCH-UPD _b10 _c20130110 _lUCH01 _h0603 |
||
| 590 |
_aBATCH-UPD _b10 _c20130410 _lUCH01 _h0245 |
||
| 590 |
_aBATCH-UPD _b10 _c20130914 _lUCH01 _h0259 |
||
| 590 |
_aCONVERSION _b10 _c20130109 _lUCH01 _h1346 |
||
| 650 | 1 | 4 |
_aAgrohabitats. _92184 |
| 650 | 1 | 4 |
_aPapa _xCrecimiento. _985217 |
| 650 | 1 | 4 |
_aPapa _zMéxico (Edo.). _985306 |
| 901 | _aBK | ||
| 905 | _aEdna Luz | ||
| 942 | _cFOLL | ||
| 949 |
_bBC _cTES _d33724000808374 _eTS2 _fc.2 _h37676 _i94646 _sm |
||
| 949 |
_bBC _cTES _d946461 _eTS1 _h37675 _i94646 _sb |
||
| 999 |
_c83155 _d83155 |
||